Estatísticas para Cultura Geral

Clique aqui para jogar o quiz

Estatísticas Gerais

  • Esse quiz foi jogado 14 vezes
  • A pontuação média é 8 de 15

Estatísticas das Respostas

HintResposta% Correto
Com que idade Harry Potter descobre que é um bruxo?11
100%
A que país pertence a revista Fortune?Estados Unidos
92%
A que filme pertence a personagem Sininho?Peter Pan
92%
Em que filme ficou famosa a frase Hakuna matata?Rei Leão
92%
Qual quarterback levou o New England Patriots a seis vitórias no Super Bowl?Tom Brady
69%
Qual é o primeiro livro da saga Harry Potter?Harry Potter e a Pedra Filosofal
62%
Em que estado dos EUA fica Chicago?Illinois
62%
Na saga Harry Potter quem é o assassino dos pais do protagonista?Lord Voldemort
54%
O que se celebra a 14 de fevereiro?Dia dos namorados
46%
Que revista estadunidense de negócios e economia tem sede em Nova Iorque?Forbes
46%
Em que país podemos encontrar a cidade Bona?Alemanha
31%
Quem canta a música "Beautiful Day"?U2
31%
Que animal deu forma ás gomas da marca Haribo?Urso
31%
Que série da Disney deu fama a Bella Thorne?Shake It Up
15%
Qual é o nome do maior jornal de Boston?Boston Globe
8%

Distribuição das Pontuações

Percentil de Números Respondidos

Porcentagem de Pessoas com Cada Pontuação

Sua Pontuação Histórica

Você não jogou esse quiz